000 00350nam a2200133Ia 4500
008 220204s9999 xx 000 0 und d
082 _a576.363
_bLUC
100 _aLUCKNER, M
245 0 _aSecondary metabolism and cell differentiation
260 _aBerlin
_bSpringer
_c1977
650 _aCell culture
650 _aSecondary metabolism
942 _cBK
999 _c27145
_d27145